Nové daňové priznanie DPH

Zmeny v daňovom príznaní. Príklad + vzor vyplneného tlačiva.

Uložené v:
Podrobná bibliografia
Hlavný autor: Jarošová, Beáta
Médium: Kapitola
Jazyk:Slovak
Predmet:
Tagy: Pridať tag
Žiadne tagy, Buďte prvý, kto otaguje tento záznam!

MARC

LEADER 00000naa$a2200000$$$4500
001 0006039
005 20231003105351.1
041 0 |a slo 
044 |a SK 
245 1 0 |a Nové daňové priznanie DPH  |c aut. Beáta Jarošová 
520 |a Zmeny v daňovom príznaní. Príklad + vzor vyplneného tlačiva. 
610 2 0 |a dane z hodnoty pridanej 
610 2 0 |a priznania daňové 
610 2 0 |a 2004 
100 1 |a Jarošová, Beáta